The Virgin Islands; a Caribbean Lilliput

Bibliographic Details
Main Author: Lewis, Gordon K.
Corporate Author: Jay I. Kislak Reference Collection (Library of Congress)
Format: Book
Language:English
Published: Evanston, Northwestern University Press, 1972.
Subjects:

MARC

Tag First Indicator Second Indicator Subfields
LEADER 00000cam a2200000 4500
001 in00000257596
005 20240625161221.0
008 730622s1972 ilub b 001 0 eng
010 |a  70167923  
019 |a 660639  |a 669718  |a 1236452  |a 492396969  |a 976756792  |a 1066794649  |a 1201923287 
020 |a 0810103656 
020 |a 9780810103658 
029 1 |a AU@  |b 000000057192 
029 1 |a NLGGC  |b 782214339 
029 1 |a NZ1  |b 4666333 
029 1 |a NZ1  |b 845435 
029 1 |a ZWZ  |b 080306225 
029 1 |a AU@  |b 000076804856 
035 |a (OCoLC)ocm00568960  
035 |a (OCoLC)568960  |z (OCoLC)660639  |z (OCoLC)669718  |z (OCoLC)1236452  |z (OCoLC)492396969  |z (OCoLC)976756792  |z (OCoLC)1066794649  |z (OCoLC)1201923287 
035 |a (OCoLC)ocm00568960  
040 |a DLC  |b eng  |c DLC  |d MUQ  |d BAKER  |d BTCTA  |d YDXCP  |d VZD  |d OCLCF  |d OCLCQ  |d CNUTO  |d SFR  |d OCLCA  |d SNN  |d OCLCQ  |d OCLCO  |d OCLCL  |d OCLCQ 
043 |a nwvi--- 
050 0 0 |a F2136  |b .L46 
051 |a F2136  |b .L46 Copy 3 
082 0 0 |a 917.29/722/03 
100 1 |a Lewis, Gordon K. 
245 1 4 |a The Virgin Islands;  |b a Caribbean Lilliput  |c [by] Gordon K. Lewis. 
260 |a Evanston,  |b Northwestern University Press,  |c 1972. 
300 |a xii, 382 pages  |b map (on end paper)  |c 24 cm 
336 |a text  |b txt  |2 rdacontent 
337 |a unmediated  |b n  |2 rdamedia 
338 |a volume  |b nc  |2 rdacarrier 
504 |a Includes bibliographical references. 
505 0 |a The Danish background -- 1917: The American beginnings -- 1931: The new deal period -- The war period and after -- The economy -- The social Milieu: The native Virgin Islanders -- The social Milieu: The French and the Puerto Ricans -- The social Milieu: The West Indian Aliens -- Family, color, and community -- Religion, education, and communications -- The Machinery of Government -- Parties and politics -- The problem of status. 
583 |a commitment to retain  |c 20151204  |2 pda  |5 OTUTLD 
651 0 |a United States Virgin Islands. 
651 6 |a Îles Vierges américaines. 
651 7 |a United States Virgin Islands.  |2 fast  |0 (OCoLC)fst01861754  |1 https://id.oclc.org/worldcat/entity/E39PBJdmqdWPqvd9TJD7rhmTpP 
710 2 |a Jay I. Kislak Reference Collection (Library of Congress)  |5 DLC 
776 0 8 |i Online version:  |a Lewis, Gordon K.  |t Virgin Islands.  |d Evanston, Northwestern University Press, 1972  |w (OCoLC)591164748 
776 0 8 |i Online version:  |a Lewis, Gordon K.  |t Virgin Islands.  |d Evanston, Northwestern University Press, 1972  |w (OCoLC)609237334 
938 |a Baker & Taylor  |b BKTY  |c 17.95  |d 17.95  |i 0810103656  |n 0000195250  |s active 
938 |a Baker and Taylor  |b BTCP  |n 70167923 
938 |a YBP Library Services  |b YANK  |n 7801912 
948 |h HELD BY TXA - 371 OTHER HOLDINGS 
994 |a Z0  |b TXA 
999 f f |s 227e60e2-1177-39ea-8805-053ae8125077  |i d20c9d47-a77b-30a2-96ef-7dac111ac6ae  |t 0 
952 f f |p ric  |a Texas A&M University  |b Rellis Campus  |c Joint Library Facility  |d Remote Storage  |t 0  |e F2136 .L46  |h Library of Congress classification  |i unmediated -- volume  |m A14802361823 
998 f f |a F2136 .L46  |t 0  |l Remote Storage